Normal view
MARC view
- Large, David Farmer, James Ciciora, Walter
Entry Personal Name
001 - CONTROL NUMBER
- control field: 80482
003 - CONTROL NUMBER IDENTIFIER
- control field: NUST
005 - DATE AND TIME OF LATEST TRANSACTION
- control field: 20210628210657.0
008 - FIXED-LENGTH DATA ELEMENTS
- fixed length control field: 210628|| aca||aabn | a|a d
040 ## - CATALOGING SOURCE
- Original cataloging agency: NUST
- Transcribing agency: NUST
100 ## - HEADING--PERSONAL NAME
- Personal name: Large, David Farmer, James Ciciora, Walter
670 ## - SOURCE DATA FOUND
- Source citation: Work cat.: (NUST): Large, David Farmer, James Ciciora, Walter, Modern cable television technology video, voice and data communications, 1999
